Zonificación y codificación de unidades hidrográfica e hidrogeológicas de Colombia (Registro nro. 8484)

Detalles MARC
000 -CABECERA
Campo de control 00641nam a22001937a 4500
005 - FECHA Y HORA DE LA ULTIMA TRANSACCION
Campo de control 20140701125917.0
008 - ELEMENTOS DE LONGITUD FIJA—INFORMACION GENERAL
Campo de control 120905s2013 ck il gr a000 0dspa d
020 ## - ISBN
ISBN 9783845484082
041 0# - IDIOMA
Código de idioma para texto/pista de sonido o título separado Español
044 ## - PAÍS DE PUBLICACIÓN
País de publicación Colombia
082 04 - NUMERO DE CLASIFICACION DECIMAL DEWEY
Número de clasificación 333.73
Número del ítem I193z
245 10 - MENCION DE TITULO
Título Zonificación y codificación de unidades hidrográfica e hidrogeológicas de Colombia
260 ## - PUBLICACION, DISTRIBUCION, ETC. (PIE DE IMPRENTA)
Lugar de publicación, distribución, etc. Bogotá
Nombre del editor, distribuidor, etc. IDEAM
Fecha de publicación, distribución, etc. 2013
300 ## - DESCRIPCION FISICA
Extensión 46 p.
Otros detalles físicos mapas, tablas
Dimensiones 28 cm.
650 #4 - ASIENTO SECUNDARIO DE MATERIA - TERMINO TEMATICO
Término temático o nombre geográfico como elemento de entrada Cuencas hidrográficas
Subdivisión geográfica Colombia
650 #4 - ASIENTO SECUNDARIO DE MATERIA - TERMINO TEMATICO
Término temático o nombre geográfico como elemento de entrada Manejo de cuencas hidrográficas
Subdivisión geográfica Colombia
650 #4 - ASIENTO SECUNDARIO DE MATERIA - TERMINO TEMATICO
Término temático o nombre geográfico como elemento de entrada Planificación de recursos hídricos
Subdivisión geográfica Colombia
942 ## - ELEMENTOS ADICIONALES (KOHA)
Sistema de clasificación Dewey Decimal Classification
Tipo de ítem Impreso
Existencias
Withdrawn status Lost status Sistema de Clasificación Damaged status No para préstamo Colección Inventariado Ubicación Permanente Ubicación actual Fecha de adquisición Fuente de Valor Valor Total Checkouts Número topográfico Inventario / Código de Barras Date last seen Ejemplar Price effective from Forma de adquisición Tipo de material
    Dewey Decimal Classification     General Inventariado 2017 Bogotá Bogotá 01/07/2014 Instituto 39000.00   LB-333.73 I193z 038119 01/07/2014 Ej. 1 01/07/2014 Canje Libro